| 000 | 00660nam a2200205Ii 4500 | ||
|---|---|---|---|
| 003 | JO-AjNU | ||
| 008 | 230605s9999||||xx |||||||||||||| ||und|| | ||
| 017 | _a1997/219 | ||
| 040 |
_aJO-AjNU _bara _erda _cJO-AjNU |
||
| 041 | _aara | ||
| 050 | 1 | 4 | _aPJ7874 1997 |
| 100 | 3 |
_aحسين، جبار ناصر, _eauthor _952803 |
|
| 245 | 0 | 0 | _aأغاني الخوف: قصص |
| 264 | 3 | 1 | _aبغداد: دار الشؤون الثقافية، 1997 |
| 300 | _a72ص | ||
| 336 |
_atext _btxt _2rdacontent |
||
| 337 |
_aunmediated _bn _2rdamedia |
||
| 338 |
_avolume _bnc _2rdacarrier |
||
| 650 | 4 |
_a الادب العربي - القصص العربية - العراق _952804 |
|
| 999 |
_aA23412 _c26980 _d26980 |
||